| 000 | 00460nam a22001577a 4500 | ||
|---|---|---|---|
| 008 | 220916b |||||||| |||| 00| 0 eng d | ||
| 020 | _a0190942779 | ||
| 050 |
_aP90 _b.B37 2021 |
||
| 100 | _aBaran, Stanley J. | ||
| 245 |
_aMass communication theory : _bFoundations, frment and future/ _cStanley J. Baran |
||
| 250 | _a8th ed. | ||
| 260 |
_aNew York _bOxford University Press _c2021 |
||
| 300 | _axxi, 426p. | ||
| 700 | _aDavis, Dennis K. | ||
| 942 |
_2lcc _cBK |
||
| 999 |
_c19488 _d19487 |
||